Statistiques concernant Citations Personnages Disney

Cliquez ici pour prendre le quiz!

Statistiques générales

  • Ce quiz a été pris 395 fois
  • Le résultat moyen est 6 sur 15

Statistiques - réponses

CitationsRéponses% Correct
"Ma seule et unique passion, j’adore les belles fourrures. Je n’aime que ça au monde."Cruella
86%
"Tu ne sortiras jamais de cette tour, tu entends ? Jamais !"Mère Gothel
72%
"Mais maman, je n’ai aucune envie de grandir."Wendy
65%
"Paroles d’ours, ça c’est ce que j’appelle du swing !"Baloo
49%
"Tu m'as oublié en oubliant qui tu étais."Mufassa
49%
"J’ai le corps en barbe à papa et pour le reste je tiens un peu du chat, un peu de l’éléphant et un peu du dauphin."Bing Bong
37%
"Dépêchons-nous parce que même la magie ça prend un certain temps."La Marraine la Bonne Fée
37%
"Bayonne hey regarde, je suis Picasso !"Monsieur Patate
28%
"Tu es une illustration, dans un livre, pourquoi je parle avec toi ?"Rémy
28%
"Je suis vraiment très doué en expectoration"Gaston
25%
"Plutôt mourir demain que vivre un siècle sans t’avoir connue."John Smith
25%
"Les gens font parfois de drôles de choses, quand parle leur cœur."Megara
20%
"Un ange, tsss, c’est une femme ! Et toutes les femmes, c’est du poison ! Elles sont pleines d’artifices."Grincheux
14%
"Pourvu qu’elle y soit, pourvu qu’elle y soit ! Oh, elle y soit !"Bob
10%
"La star apparaît ! Oui c’est moi, merci beaucoup."Tok
8%

Distribution des résultats

Percentile par nombre de réponses

% des personnes avec chaque résultat

Votre développement - résultats

Vous n’avez pas pris ce quiz